|
|
|
|
| LEADER |
00000nab a2200000 ar4500 |
| 001 |
vtls009180208 |
| 003 |
SK-MaSNL |
| 005 |
20260305021107.0 |
| 008 |
080201c2006 xo |r|p||||||||00 b|slo |
| 015 |
|
|
|a SNBRB2008/02
|2 snkbucl
|
| 038 |
|
|
|a SNKBUCL
|
| 040 |
|
|
|a SNKBUCL
|b slo
|e AACR2
|c SNKBUCL
|
| 041 |
0 |
|
|a slo
|
| 044 |
|
|
|a xo
|c SK
|
| 080 |
|
|
|a 792.071.1
|2 2001
|
| 080 |
|
|
|a 791.44.071.2
|2 2001
|
| 080 |
|
|
|a 929 Konvalinková, Naďa
|2 2001
|
| 100 |
1 |
|
|a Miková, Mária,
|d 1968-
|4 aut
|4 ivr
|9 262418
|
| 245 |
1 |
0 |
|a Modlím sa za deti
|c Mária Miková, Naďa Konvalinková
|
| 300 |
|
|
|b Fotogr.
|
| 600 |
1 |
7 |
|a Konvalinková, Naďa,
|d 1951-
|2 snkbucl
|9 106182
|
| 655 |
|
7 |
|a rozhovory
|2 snkbucl
|9 31831
|
| 700 |
1 |
|
|a Konvalinková, Naďa,
|d 1951-
|4 aut
|4 ive
|9 106182
|
| 773 |
0 |
|
|t Slovenka
|g Roč. 59, č. 37 (2006), s. 24-27
|x 0231-6676
|
| 852 |
|
|
|a SNK
|b KIS3GCP
|
| 958 |
|
|
|a BC
|
| 958 |
|
|
|a CZ
|
| 999 |
|
|
|c 3283744
|d 3285674
|